Taylor Swift - Picture to Burn Lyrics - Statistics

General Stats
  • This quiz has been taken 1,331 times
  • The average score is 241 of 291
Answer Stats
Answer % Correct
I
100%
you
99%
You
99%
a
98%
me
98%
your
97%
never
96%
that
96%
drive
95%
let
95%
hate
94%
the
94%
truck
94%
old
93%
pickup
93%
stupid
93%
to
93%
burn
92%
Burn
92%
I'm
92%
my
92%
My
92%
picture
92%
So
92%
You're
92%
you're
92%
and
91%
And
91%
go
90%
just
90%
Just
90%
another
89%
friends
88%
really
87%
tell
87%
That's
85%
by
84%
crazy
84%
if
84%
fine
83%
say
83%
way
83%
all
82%
bad
82%
love
82%
at
81%
redneck
81%
get
80%
mind
80%
obsessive
80%
yourself
80%
be
79%
ever
79%
heartbreak
79%
time
79%
won't
79%
As
78%
as
78%
could
78%
didn't
78%
fantasy
78%
lying
78%
more
78%
perfect
78%
than
78%
obvious
77%
on
77%
State
76%
wasted
76%
who's
76%
far
75%
watch
75%
concerned
74%
match
74%
strike
74%
realized
70%
no
69%
of
67%
for
66%
'Cause
65%
sorry
65%
how
64%
you'll
64%
baby
63%
Baby
63%
gonna
63%
with
63%
best
62%
daddy's
62%
show
62%
here
61%
it
61%
out
61%
around
60%
going
58%
In
56%
There's
56%
come
55%
from
55%
nothing
55%
stopping
55%
health
54%
saying
53%
would
53%
back
52%
better
51%
coming
51%
keep
51%
sitting
50%
planning
49%
revenge
49%
missing
47%
case
42%
tears
42%
haven't
41%
heard
40%
No matching quizzes found
Score Distribution
Percent of People with Each Score
Percentile by Number Answered
Your Score History
You have not taken this quiz